00663nam a2200193Ia 4500003000900000008004100009020001800050040001600068080001600084245015500100260003600255300001500291490006000306650001900366650002200385650001100407700002400418700002700442IN-BaIIA211028s9999 xx 000 0 eng d a0-12-475976-9 cIIA Library a539.18bATO 0aAtomic, molecular, and optical physicsbatoms and moleculescedited by F. B. Dunning and Randall G. Hulet  aSan DiegobAcademic Pressc1996 axix, 435p. aExperimental methods in the physical sciences; vol. 29B aAtomic physics aMolecular physics aOptics aDunning, F. B., ed. aHulet, Randall G., ed.